| 000 | 00553nam a2200193Ia 4500 | ||
|---|---|---|---|
| 003 | SGT | ||
| 020 | _a9789380097077 | ||
| 082 |
_a420 _bMIG |
||
| 100 | _aDr. Seema Miglani | ||
| 245 | _aCommunication Skills-II | ||
| 250 | _a1st . Ed. | ||
| 260 |
_bVayu Education of India _aNew Delhi _c2009 |
||
| 300 | _a230p. | ||
| 650 | _aENGLISH | ||
| 653 | _aPROSE FROM TEXT BOOK , PRECIS WRITING GRAMMAR CHANGE OF WORDS INTO DIFFERENT PARTS OF SPEECH CORRESPONDENCE LETTER WRITING | ||
| 700 | _aRohit Phutela | ||
| 700 | _aShikha Goyal | ||
| 942 |
_2ddc _cBK _01 |
||
| 999 |
_c4933 _d4933 |
||